000 00298nam a22001217a 4500
008 170711b xxu||||| |||| 00| 0 eng d
041 _aeng
080 _a030
100 _a23
101 _aENC
245 _aTHE WORLD BOOK ENCYCLOPEDIA
_cFIELD ENTERPRISES EDUCATIONAL CORPORATION
942 _2udc
_cBK
999 _c20200
_d20200